zpět

Detail výsledku týmu

Pekelná Husa, Klatovy

Datum a čas kvízu

20.5 Celkem bodů Celkový počet nahraných bodů na tomto kvízu bez doplňovacích otázek.
8. Pořadí na kvízu Konečné umístění týmu na tomto kvízu.

Zaznamenané odpovědi

# Otázka Odpověď Body Výsledky
1. V centru Ústí nad Labem byla p... hadr 0
2. Polský velmistr Jan-Krzystof D... nepodal mu ruku 0
3. Jeden český muzikant si dal mi... Mirai Navrátil 0
4. Společnost Microsoft se rozhod... Copilot 0
5. Kolik gólů během posledních dv... 4 branky 0
6. Rok 2023 je již za námi, spole... D 1
7. Už mnoho let se tvůrci pokouší... The Last of Us; HBO 1
8. Do zákulisí kterého legendární... Tour de France 0
9. Seriál Hotel Continental je tř... Mel Gibson 0
10. V poslední otázce se podíváme... Banáni 1